000 00291nam a22001457a 4500
020 _a81-7130-308-0
082 _a894.812.3
_bBAS/A
100 _aBASHEER
245 _aAANAPPOODA
260 _aKOTTAYAM
_bDC BOOKS
_c2018
300 _a143
520 _aNOVEL
650 _aNOVEL
942 _cBK
999 _c4767
_d4767